Sweet and deadly (Record no. 4726)

MARC details
000 -CABECERA
campo de control de longitud fija 02667cam a22003138i 4500
001 - NÚMERO DE CONTROL
campo de control 23920811
005 - FECHA Y HORA DE LA ÚLTIMA TRANSACCIÓN
campo de control 20250616094954.0
008 - DATOS DE LONGITUD FIJA--INFORMACIÓN GENERAL
campo de control de longitud fija 241113s2025 mau b 001 0 eng
010 ## - NÚMERO DE CONTROL DE LA BIBLIOTECA DEL CONGRESO
Número de control de LC 2024024721
020 ## - NÚMERO INTERNACIONAL ESTÁNDAR DEL LIBRO
Número Internacional Estándar del Libro 9780262049504
Información calificativa (hardcover)
020 ## - NÚMERO INTERNACIONAL ESTÁNDAR DEL LIBRO
ISBN cancelado o inválido 9780262381789
Información calificativa (epub)
020 ## - NÚMERO INTERNACIONAL ESTÁNDAR DEL LIBRO
ISBN cancelado o inválido 9780262381796
Información calificativa (pdf)
040 ## - FUENTE DE LA CATALOGACIÓN
Centro catalogador/agencia de origen DLC
Lengua de catalogación eng
Normas de descripción rda
Centro/agencia transcriptor DLC
041 ## - CÓDIGO DE LENGUA
Código de lengua del texto/banda sonora o título independiente eng
042 ## - CÓDIGO DE AUTENTICACIÓN
Código de autenticación pcc
050 00 - SIGNATURA TOPOGRÁFICA DE LA BIBLIOTECA DEL CONGRESO
Número de clasificación HD9349.C6
Número de documento/Ítem C34 2025
100 ## - ENTRADA PRINCIPAL--NOMBRE DE PERSONA
Nombre de persona Carpenter, Murray,
Término indicativo de función/relación author.
9 (RLIN) 25406
245 10 - MENCIÓN DE TÍTULO
Título Sweet and deadly
Resto del título : how Coca-Cola spreads disinformation and makes us sick
Mención de responsabilidad, etc. / Murray Carpenter.
264 #1 - PRODUCCIÓN, PUBLICACIÓN, DISTRIBUCIÓN, FABRICACIÓN Y COPYRIGHT
Producción, publicación, distribución, fabricación y copyright Cambridge :
Nombre del de productor, editor, distribuidor, fabricante The MIT Press,
Fecha de producción, publicación, distribución, fabricación o copyright 2025.
300 ## - DESCRIPCIÓN FÍSICA
Extensión 328 pages ; 24 cm
504 ## - NOTA DE BIBLIOGRAFÍA, ETC.
Nota de bibliografía, etc. Includes bibliographical references and index.
505 ## - NOTA DE CONTENIDO CON FORMATO
Nota de contenido con formato Prologue: sending the memo —<br/><br/>Part I: Carb-o-nation —<br/><br/>Part II: A balancing act, 2010–2015 —<br/><br/>Part III: Astroturf and taxes —<br/><br/>Part IV: Coke in court —<br/><br/>Part V: The noose tightens —<br/><br/>Epilogue: Coke slips the noose.
520 ## - SUMARIO, ETC.
Sumario, etc. How Coca-Cola makes Americans sick—and makes sure we don't know it.<br/><br/>If we knew that Coca-Cola was among the deadliest products in our diet, would we continue drinking it in such great quantities? The Coca-Cola Company has gone to extraordinary lengths to make sure we don’t find out, as this damning exposé makes patently clear. Marshaling the findings of extensive research and deep investigative reporting, Murray Carpenter describes in Sweet and Deadly the damage Coke does to America’s health—and the remarkable campaign of disinformation conducted by the company to keep consumers in the dark.<br/><br/>Sugar-sweetened beverages are the single item in the American diet that most contributes to the epidemic of chronic disease—in particular, obesity, type 2 diabetes, and cardiovascular disease—and Coca-Cola is America’s favorite sugar-sweetened beverage, by far. Carpenter details how the Coca-Cola corporation’s sophisticated shadow network has masterfully spread disinformation for decades to hide the health risks of its product from consumers—risks disproportionately borne by Black, brown, and low-income communities. Working from a playbook of obfuscation and pseudoscience that has worked well for other harmful products, from tobacco and trans fats to opioids, Coca-Cola has managed to maintain an aura of goodness and happiness. This eye-opening book finally and fully reveals the truth behind that aura.
Fuente proveedora Provided by publisher.
650 #0 - PUNTO DE ACCESO ADICIONAL DE MATERIA--TÉRMINO DE MATERIA
Término de materia o nombre geográfico como elemento de entrada Coca Cola (Trademark)
9 (RLIN) 25407
650 #0 - PUNTO DE ACCESO ADICIONAL DE MATERIA--TÉRMINO DE MATERIA
Término de materia o nombre geográfico como elemento de entrada Cola drinks
Subdivisión general Health aspects.
650 #0 - PUNTO DE ACCESO ADICIONAL DE MATERIA--TÉRMINO DE MATERIA
Término de materia o nombre geográfico como elemento de entrada Selling
Subdivisión general Cola drinks.
942 ## - ELEMENTOS DE ENTRADA AGREGADA (KOHA)
Fuente del sistema de clasificación o colocación Clasificación de Library of Congress
Holdings
Estado de retiro Estado de pérdida Fuente del sistema de clasificación o colocación Estado dañado No para préstamo Biblioteca de origen Biblioteca actual Fecha de adquisición Total de préstamos Signatura topográfica completa Código de barras Fecha visto por última vez Número de copia Precio válido a partir de Tipo de ítem Koha
    Clasificación de Library of Congress     TBS Barcelona TBS Barcelona 12/06/2025   HD9349.S634 CAR B07549 12/06/2025 1 12/06/2025 Book

Powered by Koha